| 000 | 00664nam a2200229Ia 4500 | ||
|---|---|---|---|
| 005 | 20260429112136.0 | ||
| 008 | 260429s9999||||xx |||||||||||||| ||und|| | ||
| 020 | _a9781032502557 | ||
| 041 | _aEnglish | ||
| 082 |
_a338.10285 _bABD |
||
| 100 | _aAbdel-Basset, Mohamed | ||
| 245 | 0 |
_aArtificial intelligence and internet of things in smart farming / _cMohamed Abdel-Basset |
|
| 250 | _a1st ed. | ||
| 260 |
_aBoca Raton : _bCRC Press, _c2024. |
||
| 300 | _axiv, 300 p.; hb | ||
| 650 | _a Internet of things | ||
| 650 | _a Smart farming | ||
| 650 | _aArtificial intelligence | ||
| 700 | _a Abdel-Fatah, Laila | ||
| 700 | _a hawash, Hossam | ||
| 942 | _cTB | ||
| 999 |
_c52564 _d52564 |
||